000
00245nam a22001097a 4500
082
_a
030
_b
DCH/O
245
_a
THE OCEAN WORLD OF JACQUES COUSTEAU
260
_b
ROBERT B CLARKE
300
_a
144
650
_a
GENERAL KNOWLEDGE
_z
CANADA
942
_c
BK
999
_c
3006
_d
3006